| 000 | 00369nam a2200145Ia 4500 | ||
|---|---|---|---|
| 008 | 230312s9999||||xx |||||||||||||| ||und|| | ||
| 020 | _a0-521-84291-3 | ||
| 082 |
_a621.382 _bJAF-S |
||
| 100 | _aJafarkhani;hamid | ||
| 245 | 0 | _aSpace-time coding theory and practice | |
| 260 |
_bCambridge _aUK _c2005 |
||
| 300 | _a302 | ||
| 650 |
_aEngineering _vAvionics |
||
| 942 | _cBK | ||
| 999 |
_c12367 _d12367 |
||